| 000 | 00768cab a2200229 4500 | ||
|---|---|---|---|
| 001 | ABS43251 | ||
| 008 | 090401t1990 xxu||||| |||| 00| 0 eng d | ||
| 035 | _a(Sirsi) u41071 | ||
| 041 | _aeng | ||
| 100 | _aHanson, M. | ||
| 245 | _aDo conversions have a blighted future? | ||
| 260 | _c1990 | ||
| 350 | _a0 | ||
| 490 |
_aEstates Gazette _v(9030) 28 July 1990, 28-29(2) |
||
| 520 | _aDisputes the wisdom of clamping down on residential conversion of barns while, on the other hand, encouraging the renovation of old industrial buildings , which has not proved always to be profitable. | ||
| 650 | _aFARM BUILDINGS | ||
| 650 | _aLISTED BUILDINGS | ||
| 650 | _aREDUNDANT BUILDINGS | ||
| 690 | _aPLANNING LAW AND PRACTICE | ||
| 942 | _n0 | ||
| 948 | _c04/03/1997 | ||
| 999 |
_c26365 _d26365 |
||